000 nam a22 7a 4500
999 _c8231
_d8231
008 171212b xxu||||| |||| 00| 0 eng d
100 _94656
_aSHAKESPEAR.W
245 _aMEASURE FOR MEASURE
260 _aNEW DELHI
_bHAR ANAND
_c2017